000 00464nam a2200181Ia 4500
003 GCL
008 140319s9999 xx 000 0 eng d
040 _aGCL /
_cGCL
082 0 4 _a930.1
_bS D
100 1 _aSCHNAPP, ALAIN
245 1 0 _aTHE DISCOVERY OF THE PAST /
_cSCHNAPP, ALAIN
260 _a[S.N] :
_bBRITISH MUSEUM PRESS ،
_c1996
300 _a348 P
650 0 4 _aANTIQUITIES
650 0 4 _aHISTORY
650 0 4 _aARCHAEOLOGY - HISTORY
942 _2ddc
_cBK
999 _c14794
_d14794